| 000 | 00794aab a2200181 i 4500 | ||
|---|---|---|---|
| 001 | 768714001 | ||
| 003 | CO-MdFUSB | ||
| 005 | 20240422114310.0 | ||
| 008 | 240403t1990 ag ||||| |||| 00| 0 spa d | ||
| 040 |
_bspa _cCO-MdFUSB |
||
| 041 | _aspa | ||
| 245 | 3 | _aLa obra misionera y la traducción de la Biblia | |
| 300 |
_aVolumen 9, número 1 (marzo, 1990) páginas: 26 - 27 _c; 27 cm |
||
| 520 | _a108 cristianos de 16 países y de diferentes creencias religiosas, se reunieron en Quito (Ecuador) para dialogar y reflexionar sobre la obra misionera y la traducción de la Biblia a las lenguas autóctonas de América Latina. | ||
| 650 | 7 |
_aReligión y cultura _9388 |
|
| 773 | 0 |
_tIglesia y Misión _049402 _959664 _gVolumen 9, número 1 (marzo, 1990) páginas: 26 - 27 _qpágina: 26 |
|
| 942 | _cANA | ||
| 999 |
_c51881 _d51881 |
||